Central Library and Information Centre
Sibsagar Girls' College, Sivasagar : Assam

HEAT AND THERMODYNAMICS (Record no. 9221)

MARC details
000 -LEADER
fixed length control field 00429cam a2200193ua 4500
008 - FIXED-LENGTH DATA ELEMENTS--GENERAL INFORMATION
fixed length control field 120117n1981 II |||gr||||Z||||||eng
040 ## - CATALOGING SOURCE
Original cataloging agency MAIN
041 ## - LANGUAGE CODE
-- English
082 ## - DEWEY DECIMAL CLASSIFICATION NUMBER
Classification number 536 ZEM
100 ## - MAIN ENTRY--PERSONAL NAME
Personal name ZEMANSKY, MARK W.
245 ## - TITLE STATEMENT
Title HEAT AND THERMODYNAMICS
250 ## - EDITION STATEMENT
Edition statement 6TH.
260 ## - PUBLICATION, DISTRIBUTION, ETC.
Place of publication, distribution, etc. LONDON
Name of publisher, distributor, etc. MCGREW HILL BOOK
Date of publication, distribution, etc. 1981
300 ## - PHYSICAL DESCRIPTION
Extent 543.
700 ## - ADDED ENTRY--PERSONAL NAME
Personal name DITTMAN, RICHARD H.
942 ## - ADDED ENTRY ELEMENTS (KOHA)
Koha item type Books
653 ## - INDEX TERM--UNCONTROLLED
Uncontrolled term Heat
Holdings
Withdrawn status Lost status Damaged status Not for loan Collection code Home library Current library Shelving location Date acquired Full call number Barcode Date last seen Copy number Price effective from Koha item type Public note
        TBPHY Central Library and Information Centre Sibsagar Girls College Central Library and Information Centre Sibsagar Girls College PHYSICS BOOK RACK 21.07.2000 536 ZEM 16149 27.02.2020 1 27.02.2020 Books V


Sibsagar Girl's College © 2020. All rights reserved.
Powered by Koha.
Maintained by Abhijit Borpuzari.